Un recorrido por los archivos y bibliotecas de nuestra ciudad. (Record no. 61629)
[ view plain ]
| 000 -LEADER | |
|---|---|
| fixed length control field | 00549cac a2200169 4500 |
| 005 - DATE AND TIME OF LATEST TRANSACTION | |
| control field | 20151027144007.0 |
| 008 - FIXED-LENGTH DATA ELEMENTS--GENERAL INFORMATION | |
| fixed length control field | 090212s1977 mx 000 0 spa u |
| 050 04 - LIBRARY OF CONGRESS CALL NUMBER | |
| Classification number | CD3651 |
| Item number | R43 1977 |
| 245 03 - TITLE STATEMENT | |
| Title | Un recorrido por los archivos y bibliotecas de nuestra ciudad. |
| 250 ## - EDITION STATEMENT | |
| Edition statement | 1a ed. |
| 260 ## - PUBLICATION, DISTRIBUTION, ETC. (IMPRINT) | |
| Place of publication, distribution, etc | México : |
| Name of publisher, distributor, etc | Universidad Iberoamericana, departamento de Historia, |
| Date of publication, distribution, etc | 1977 |
| 300 ## - PHYSICAL DESCRIPTION | |
| Extent | xiii, 46 p. ; |
| Dimensions | 1977 |
| 490 ## - SERIES STATEMENT | |
| Series statement | Escritos estudiantinos ; |
| Volume number/sequential designation | 1 |
| 650 #7 - SUBJECT ADDED ENTRY--TOPICAL TERM | |
| Source of heading or term | LEMB |
| Topical term or geographic name as entry element | Catálogos |
| Geographic subdivision | México |
| 650 #7 - SUBJECT ADDED ENTRY--TOPICAL TERM | |
| Source of heading or term | LEMB |
| Topical term or geographic name as entry element | Archivo |
| Geographic subdivision | México |
| 942 ## - ADDED ENTRY ELEMENTS (KOHA) | |
| Source of classification or shelving scheme | Biblioteca del Cogreso de los Estados Unidos |
| Koha item type | Libro |
| Estado de pérdida | Fuente de clasificación | Estado del daño | No para préstamo | Ubicación permanente | Ubicación actual | Apartado o colección | Fecha de adquisición | Edición | Dependencia de educación superior (DES) | Área del conocimiento | Clasificación | Código de Barras | Date last seen | Número de copia | Costo por reposición | Tipo de recurso | Nota pública |
|---|---|---|---|---|---|---|---|---|---|---|---|---|---|---|---|---|---|
| Biblioteca del Cogreso de los Estados Unidos | Biblioteca del Instituto de Investigaciones Históricas | Biblioteca del Instituto de Investigaciones Históricas | General | 27/10/2015 | 1a ed. | Humanidades | Educación y Humanidades | CD3651 R43 1977 | IIH000002656 | 27/10/2015 | C: 1 | 1.00 | Libro | GENERAL |